[Event "Moscow-ch final"]
[Site "Moscow"]
[Date "2019.04.05"]
[Round "7"]
[White "Fedorov, Nikita1111"]
[Black "Trofimovsky, Alexander"]
[Result "1-0"]
[WhiteElo "2030"]
[BlackElo "2031"]
[PlyCount "69"]
[EventDate "2019.03.30"]
[EventType "swiss"]
[EventRounds "9"]
[EventCountry "RUS"]
[SourceTitle "CBM 189 Extra"]
[Source "ChessBase"]
[SourceDate "2019.06.03"]
[SourceVersion "1"]
[SourceVersionDate "2019.06.03"]
[SourceQuality "1"]

1. e4 c5 2. Nf3 d6 3. d4 cxd4 4. Nxd4 Nf6 5. Nc3 a6 6. f3 Nbd7 7. Be3 Qc7 8. g4 h6 9. Qd2 b5 10. h4 Bb7 11. Rg1 b4 12. Nce2 e5 13. Nf5 d5 14. g5 hxg5 15. hxg5 g6 16. Nfg3 d4 17. Bf2 Nh5 18. Rh1 Rc8 19. Nxh5 Rxh5 20. Rxh5 gxh5 21. 0-0-0 Nc5 22. Ng3 Be7 23. Kb1 Ne6 24. Nxh5 Bxg5 25. Qe2 Nf4 26. Nxf4 Bxf4 27. Bh3 Qc4 28. Qxc4 Rxc4 29. Rg1 Kf8 30. Bf5 Rc6 31. Bh4 Rh6 32. Bd8 Bc6 33. Ba5 Bb5 34. Bxb4+ Ke8 35. Rg8# 1-0

[Event "Moscow-ch final"]
[Site "Moscow"]
[Date "2019.03.31"]
[Round "2"]
[White "Trofimovsky, Alexander"]
[Black "Zakhartsov, Vladimir"]
[Result "1/2-1/2"]
[WhiteElo "2031"]
[BlackElo "2503"]
[PlyCount "102"]
[EventDate "2019.03.30"]
[EventType "swiss"]
[EventRounds "9"]
[EventCountry "RUS"]
[SourceTitle "CBM 189 Extra"]
[Source "ChessBase"]
[SourceDate "2019.06.03"]
[SourceVersion "1"]
[SourceVersionDate "2019.06.03"]
[SourceQuality "1"]

1. c4 e5 2. Nc3 Nf6 3. Nf3 Nc6 4. e4 Bc5 5. Nxe5 Nxe5 6. d4 Bb4 7. dxe5 Nxe4 8. Qd4 Nxc3 9. bxc3 Be7 10. c5 0-0 11. Bc4 d6 12. cxd6 cxd6 13. Bf4 dxe5 14. Bxe5 Qxd4 15. Bxd4 Bf6 16. 0-0-0 Bxd4 17. Rxd4 Bf5 18. Re1 Rfe8 19. Rxe8+ Rxe8 20. Bb5 Rf8 21. Bd7 Bg6 22. f4 Rd8 23. g4 h5 24. h3 Kf8 25. f5 Bh7 26. Kd2 Bg8 27. f6 gxf6 28. Bf5 Rb8 29. Rd7 a5 30. gxh5 Kg7 31. Be4 b6 32. Bd5 Kh6 33. Bxf7 Bxf7 34. Rxf7 Rd8+ 35. Ke3 Rd6 36. Kf4 b5 37. Kf5 Rd5+ 38. Kxf6 Rc5 39. Ra7 a4 40. Rb7 a3 41. Rb8 Kh7 42. Rb7+ Kh6 43. Rb8 Rc6+ 44. Ke5 Rxc3 45. Rb6+ Kxh5 46. Rxb5 Rc2 47. Ra5 Rxa2 48. Kd4+ Kh4 49. Kc3 Rh2 50. Rxa3 Rxh3+ 51. Kb2 Rxa3 1/2-1/2

[Event "Kolomna op-B"]
[Site "Kolomna"]
[Date "2012.09.28"]
[Round "3"]
[White "Trofimovsky, Alexander"]
[Black "Ezhov, Aleksey"]
[Result "1/2-1/2"]
[WhiteElo "2120"]
[BlackElo "1795"]
[PlyCount "75"]
[EventDate "2012.09.27"]
[EventType "swiss"]
[EventRounds "9"]
[EventCountry "RUS"]
[SourceTitle "EXT 2013"]
[Source "ChessBase"]
[SourceDate "2012.11.22"]
[SourceVersion "1"]
[SourceVersionDate "2012.11.22"]
[SourceQuality "1"]

1. c4 e5 2. Nc3 Nc6 3. Nf3 f5 4. d4 exd4 5. Nxd4 d6 6. g3 Nf6 7. Bg2 Bd7 8. 0-0 Rb8 9. e4 fxe4 10. Nxe4 Be7 11. Re1 0-0 12. Ng5 Nxd4 13. Qxd4 c6 14. Qxa7 Ng4 15. Nf3 Bf6 16. Qa3 d5 17. Bf4 Ra8 18. Qb3 dxc4 19. Qxb7 c3 20. Rad1 Rf7 21. h3 Nxf2 22. Kxf2 Rxa2 23. Re2 cxb2 24. Kg1 b1Q 25. Rxb1 Rxe2 26. Qa6 Re8 27. Kh2 g5 28. Rb8 Qe7 29. Rxe8+ Bxe8 30. Bc1 h6 31. Qc4 Bd7 32. Nd4 Qd6 33. Nxc6 Be6 34. Qc2 Kg7 35. Bb2 Bd5 36. Nd4 Be6 37. Qe4 Re7 38. Ba3 1/2-1/2

[Event "Kolomna op-B"]
[Site "Kolomna"]
[Date "2012.09.27"]
[Round "1"]
[White "Trofimovsky, Alexander"]
[Black "Likhachev, Oleg"]
[Result "1-0"]
[WhiteElo "2120"]
[BlackElo "1870"]
[PlyCount "73"]
[EventDate "2012.09.27"]
[EventType "swiss"]
[EventRounds "9"]
[EventCountry "RUS"]
[SourceTitle "EXT 2013"]
[Source "ChessBase"]
[SourceDate "2012.11.22"]
[SourceVersion "1"]
[SourceVersionDate "2012.11.22"]
[SourceQuality "1"]

1. c4 Nf6 2. Nf3 g6 3. g3 Bg7 4. d4 d5 5. Bg2 0-0 6. 0-0 e6 7. Nc3 c6 8. b3 b6 9. Qd3 Nbd7 10. e4 dxe4 11. Nxe4 Nxe4 12. Qxe4 Bb7 13. Bg5 Qc7 14. Rad1 c5 15. Qh4 cxd4 16. Nxd4 Bxg2 17. Kxg2 Rfe8 18. Nb5 Qc6+ 19. f3 Bf8 20. Qd4 Nc5 21. Bf6 a6 22. Nd6 e5 23. Qd5 Qxd5 24. Rxd5 Re6 25. Bxe5 f6 26. Bf4 g5 27. Bxg5 fxg5 28. Rxg5+ Rg6 29. Rxg6+ hxg6 30. Ne4 Rd8 31. Nf6+ Kf7 32. Nd5 b5 33. Re1 bxc4 34. bxc4 Nd3 35. Rb1 Re8 36. Rb7+ Kg8 37. Nf6+ 1-0

[Event "RUS-ch Seniors"]
[Site "Odintsovo"]
[Date "2011.04.24"]
[Round "6"]
[White "Trofimovsky, Alexander"]
[Black "Berberyan, Mishik"]
[Result "1-0"]
[WhiteElo "2126"]
[BlackElo "1957"]
[PlyCount "97"]
[EventDate "2011.04.19"]
[EventType "swiss"]
[EventRounds "9"]
[EventCountry "RUS"]
[SourceTitle "CBM 142 Extra"]
[Source "ChessBase"]
[SourceDate "2011.06.27"]
[SourceVersion "1"]
[SourceVersionDate "2011.06.27"]
[SourceQuality "1"]

1. c4 Nf6 2. Nf3 e6 3. g3 d5 4. b3 c6 5. Bg2 Bd6 6. d4 Bb4+ 7. Nbd2 0-0 8. 0-0 Re8 9. Qc2 Nbd7 10. Rd1 Qe7 11. e4 Nxe4 12. Nxe4 dxe4 13. Qxe4 f5 14. Qc2 h6 15. Bb2 Nf6 16. a3 Bd6 17. Re1 Bd7 18. Ne5 Bxe5 19. Rxe5 Rac8 20. a4 Ng4 21. Re2 Qg5 22. f4 Qh5 23. Bf3 Qg6 24. b4 a6 25. Qb3 h5 26. Rae1 h4 27. Rg2 h3 28. Rge2 Nf6 29. a5 Nh5 30. Qe3 Nf6 31. Qe5 Rcd8 32. Qc7 Bc8 33. Qe5 Nd7 34. Qe3 Nf6 35. Qf2 Nh5 36. Kh1 Nf6 37. Qf1 Kf7 38. Qxh3 Rh8 39. Qg2 Rh6 40. d5 cxd5 41. Bxf6 gxf6 42. cxd5 Rdh8 43. dxe6+ Ke7 44. Qg1 Kf8 45. Qc5+ Kg7 46. Qc7+ Kg8 47. Qxc8+ Kg7 48. Qd7+ Kg8 49. Rc1 1-0

[Event "Moscow-ch sf"]
[Site "Moscow"]
[Date "2011.03.19"]
[Round "4"]
[White "Demianjuk, Alexander"]
[Black "Trofimovsky, Alexander"]
[Result "1-0"]
[WhiteElo "2316"]
[BlackElo "2126"]
[PlyCount "101"]
[EventDate "2011.03.13"]
[EventType "swiss"]
[EventRounds "9"]
[EventCountry "RUS"]
[SourceTitle "CBM 141 Extra"]
[Source "ChessBase"]
[SourceDate "2011.05.03"]
[SourceVersion "1"]
[SourceVersionDate "2011.05.03"]
[SourceQuality "1"]

1. e4 c5 2. Nf3 d6 3. d4 cxd4 4. Nxd4 Nf6 5. Nc3 a6 6. Be2 e5 7. Nb3 Be6 8. f4 Qc7 9. g4 h6 10. g5 hxg5 11. fxg5 Nfd7 12. Bg4 Nb6 13. Bxe6 fxe6 14. Qg4 Qd7 15. g6 Nc6 16. Bg5 Be7 17. 0-0-0 Bxg5+ 18. Qxg5 Qe7 19. Qe3 Qc7 20. h4 0-0-0 21. Qh3 Rde8 22. Nd5 Nxd5 23. exd5 Nd8 24. h5 Kb8 25. Qg4 Rhf8 26. Kb1 exd5 27. Rxd5 Re6 28. Rhd1 Ref6 29. Qb4 Nc6 30. Qa3 Rd8 31. Nd2 Nd4 32. c4 Rf2 33. Qc3 Rdf8 34. c5 Qc8 35. a3 Qf5+ 36. Ka2 Qg4 37. cxd6 Qxd1 38. Qc7+ Ka8 39. d7 Nc6 40. Qc8+ Ka7 41. d8Q Rxd8 42. Rxd8 Rxd2 43. Qa8+ Kb6 44. Rxd2 Qxd2 45. Qg8 Qe2 46. h6 gxh6 47. g7 Ne7 48. Qe6+ Ka7 49. a4 Qe4 50. Qxe7 Qxa4+ 51. Qa3 1-0

[Event "Moscow-ch sf"]
[Site "Moscow"]
[Date "2011.03.15"]
[Round "2"]
[White "Trofimovsky, Alexander"]
[Black "Antonov, Alexandr1111"]
[Result "1-0"]
[WhiteElo "2126"]
[BlackElo "2041"]
[PlyCount "79"]
[EventDate "2011.03.13"]
[EventType "swiss"]
[EventRounds "9"]
[EventCountry "RUS"]
[SourceTitle "CBM 141 Extra"]
[Source "ChessBase"]
[SourceDate "2011.05.03"]
[SourceVersion "1"]
[SourceVersionDate "2011.05.03"]
[SourceQuality "1"]

1. c4 e5 2. Nc3 Nc6 3. Nf3 f5 4. d4 e4 5. Ng1 Nf6 6. Nh3 d6 7. Bg5 h6 8. Bxf6 Qxf6 9. e3 Ne7 10. Nf4 c6 11. h4 g6 12. Qc2 Bg7 13. 0-0-0 0-0 14. f3 exf3 15. gxf3 a6 16. Bd3 b5 17. Rdg1 Be6 18. Nce2 Bxc4 19. Bxc4+ bxc4 20. Qxc4+ Qf7 21. Qa4 c5 22. Rg2 cxd4 23. Nxg6 Nxg6 24. Rhg1 Rfc8+ 25. Kb1 d3 26. Rxg6 dxe2 27. Rxg7+ Qxg7 28. Rxg7+ Kxg7 29. Qd4+ Kf7 30. Qd2 Rc4 31. Qxe2 Rxh4 32. a3 Rh1+ 33. Ka2 Rg1 34. Qd3 Rag8 35. Qxf5+ Kg7 36. Qd7+ Kh8 37. Qxd6 R1g6 38. Qe5+ Kh7 39. f4 Rb6 40. Qc7+ 1-0

[Event "RSSU-18 op"]
[Site "Moscow"]
[Date "2009.10.25"]
[Round "6"]
[White "Bolshagin, Valery"]
[Black "Trofimovsky, Alexander"]
[Result "0-1"]
[WhiteElo "2113"]
[BlackElo "2205"]
[PlyCount "110"]
[EventDate "2009.10.17"]
[EventType "swiss"]
[EventRounds "9"]
[EventCountry "RUS"]
[SourceTitle "EXT 2022"]
[Source "ChessBase"]
[SourceDate "2021.10.06"]
[SourceVersion "1"]
[SourceVersionDate "2021.10.06"]
[SourceQuality "1"]

1. e4 c5 2. Nf3 d6 3. Bb5+ Nd7 4. d4 Ngf6 5. e5 Qa5+ 6. Nc3 Ne4 7. Qd3 Nxc3 8. Bxd7+ Bxd7 9. Qxc3 Qxc3+ 10. bxc3 Bc6 11. exd6 exd6 12. 0-0 0-0-0 13. Ng5 Bd5 14. Nh3 Be7 15. Be3 b6 16. a4 a5 17. Nf4 Bc6 18. Rfb1 Kc7 19. Nh5 g6 20. Nf4 g5 21. Nd3 Bf6 22. Re1 Rhe8 23. Kf1 h6 24. Nb2 Bg7 25. f3 f5 26. Bf2 f4 27. Rab1 Rxe1+ 28. Kxe1 g4 29. fxg4 Bxg2 30. Nd3 Rf8 31. Kd2 Bc6 32. Ra1 Bf3 33. Rg1 c4 34. Re1 Kd7 35. Nb2 d5 36. h4 Bxg4 37. Nd1 Re8 38. Bg1 Rxe1 39. Kxe1 Bf6 40. Bf2 b5 41. Nb2 Kc6 42. Kd2 Kb6 43. Kc1 Bd7 44. axb5 Bxb5 45. Nd1 Kc6 46. Kb2 h5 47. Be1 Kd6 48. Bd2 f3 49. Bf4+ Ke6 50. Bg3 Kf5 51. Nf2 Bg7 52. Bc7 a4 53. Bd6 Bh6 54. Bh2 Bf4 55. Bg1 Bg3 0-1

[Event "Moscow op-B"]
[Site "Moscow"]
[Date "2009.02.07"]
[Round "8"]
[White "Trofimovsky, Alexander"]
[Black "Denishev, Marat"]
[Result "1/2-1/2"]
[WhiteElo "2186"]
[BlackElo "2028"]
[PlyCount "74"]
[EventDate "2009.01.31"]
[EventType "swiss"]
[EventRounds "9"]
[EventCountry "RUS"]
[SourceTitle "EXT 2012"]
[Source "ChessBase"]
[SourceDate "2011.11.24"]
[SourceVersion "1"]
[SourceVersionDate "2011.11.24"]
[SourceQuality "1"]

1. c4 c5 2. Nf3 Nf6 3. Nc3 e6 4. g3 b6 5. Bg2 Bb7 6. 0-0 Be7 7. b3 d6 8. Bb2 a6 9. e3 0-0 10. d4 cxd4 11. Nxd4 Bxg2 12. Kxg2 Qc7 13. f4 Qb7+ 14. Qf3 Qxf3+ 15. Kxf3 Rc8 16. g4 Nc6 17. Nxc6 Rxc6 18. Rf2 Rac8 19. g5 Nd7 20. Ne2 Nc5 21. Nd4 R6c7 22. Rd2 g6 23. Ne2 Rd7 24. Nc3 Bf8 25. Ne4 Nxe4 26. Kxe4 b5 27. cxb5 axb5 28. a4 bxa4 29. bxa4 Ra8 30. Bc3 Rc7 31. Kd3 Rac8 32. Bd4 Bg7 33. Bxg7 Kxg7 34. a5 Ra8 35. a6 Rc6 36. a7 Rc7 37. Rda2 Kf8 1/2-1/2

[Event "Moscow op-B"]
[Site "Moscow"]
[Date "2009.02.01"]
[Round "3"]
[White "Gabdrakipov, Ilshat"]
[Black "Trofimovsky, Alexander"]
[Result "1-0"]
[WhiteElo "1400"]
[BlackElo "2186"]
[PlyCount "107"]
[EventDate "2009.01.31"]
[EventType "swiss"]
[EventRounds "9"]
[EventCountry "RUS"]
[SourceTitle "EXT 2012"]
[Source "ChessBase"]
[SourceDate "2011.11.24"]
[SourceVersion "1"]
[SourceVersionDate "2011.11.24"]
[SourceQuality "1"]

1. e4 c5 2. Nf3 d6 3. d4 cxd4 4. Nxd4 Nf6 5. Nc3 a6 6. Bc4 e6 7. Bb3 Be7 8. g4 0-0 9. g5 Nfd7 10. Rg1 Nc5 11. Be3 Nc6 12. Qh5 Nxb3 13. axb3 Bd7 14. Rg3 Nxd4 15. Bxd4 e5 16. Be3 g6 17. Qh6 f5 18. gxf6 Rxf6 19. 0-0-0 Rf7 20. Nd5 Bf8 21. Qh5 Bg7 22. Qg5 Qxg5 23. Bxg5 Re8 24. Be3 Bc6 25. h4 Re6 26. h5 gxh5 27. Rdg1 h4 28. Rh3 Bxd5 29. exd5 Rg6 30. Rxg6 hxg6 31. Rxh4 Bf6 32. Rg4 Kg7 33. b4 b5 34. Kd2 Bd8 35. Kd3 Rb7 36. Bd2 Bb6 37. f3 Rf7 38. Ke4 Rc7 39. Kd3 Rf7 40. Ke2 Rf5 41. b3 Rh5 42. c4 Rh2+ 43. Kd3 Rh3 44. Ke4 Rh2 45. c5 Bc7 46. Bc3 Re2+ 47. Kd3 Rf2 48. f4 Rf3+ 49. Kd2 Kf6 50. fxe5+ Kf5 51. exd6 Bxd6 52. cxd6 Kxg4 53. d7 Rf8 54. Bf6 1-0

[Event "Moscow op-B"]
[Site "Moscow"]
[Date "2009.02.01"]
[Round "2"]
[White "Trofimovsky, Alexander"]
[Black "Bissembayev, Baurzjan"]
[Result "1/2-1/2"]
[WhiteElo "2186"]
[BlackElo "1400"]
[PlyCount "69"]
[EventDate "2009.01.31"]
[EventType "swiss"]
[EventRounds "9"]
[EventCountry "RUS"]
[SourceTitle "EXT 2012"]
[Source "ChessBase"]
[SourceDate "2011.11.24"]
[SourceVersion "1"]
[SourceVersionDate "2011.11.24"]
[SourceQuality "1"]

1. c4 Nf6 2. Nf3 c5 3. Nc3 Nc6 4. d4 cxd4 5. Nxd4 g6 6. e4 d6 7. Be2 Bg7 8. Be3 0-0 9. 0-0 a6 10. Qd2 Ng4 11. Bxg4 Bxg4 12. Rac1 Rc8 13. b3 Re8 14. f4 Nxd4 15. Bxd4 Bxd4+ 16. Qxd4 Qa5 17. f5 gxf5 18. h3 Bh5 19. exf5 f6 20. Kh1 b5 21. cxb5 axb5 22. Qd5+ Bf7 23. Qxb5 Qa7 24. Qe2 Rc5 25. Nb5 Qb6 26. Rxc5 Qxc5 27. Qd3 Ra8 28. a4 Kh8 29. Re1 Rg8 30. Nd4 Bd5 31. Nf3 Rg3 32. Qe3 Bxf3 33. Qxc5 dxc5 34. gxf3 Rxf3 35. Kg2 1/2-1/2

[Event "Moscow op-B 04th"]
[Site "Moscow"]
[Date "2008.02.06"]
[Round "5"]
[White "Trofimovsky, Alexander"]
[Black "Talybov, Shukiur"]
[Result "0-1"]
[WhiteElo "2234"]
[BlackElo "2026"]
[PlyCount "78"]
[EventDate "2008.02.02"]
[EventType "swiss"]
[EventRounds "9"]
[EventCountry "RUS"]
[SourceTitle "CBM 122 Extra"]
[Source "ChessBase"]
[SourceDate "2008.03.04"]
[SourceVersion "1"]
[SourceVersionDate "2008.03.04"]
[SourceQuality "1"]

1. c4 Nf6 2. Nf3 c5 3. Nc3 e6 4. g3 b6 5. Bg2 Bb7 6. 0-0 Be7 7. b3 d6 8. Bb2 a6 9. e3 Nbd7 10. d4 cxd4 11. Nxd4 Qc7 12. f4 Bxg2 13. Kxg2 Qb7+ 14. Qf3 Qxf3+ 15. Kxf3 Rc8 16. g4 Nc5 17. Rfd1 h6 18. Rac1 0-0 19. h4 Rfd8 20. g5 hxg5 21. hxg5 Nfd7 22. g6 Nf8 23. gxf7+ Kxf7 24. b4 Ncd7 25. Ne4 d5 26. cxd5 exd5 27. Ng5+ Bxg5 28. fxg5 Ne5+ 29. Ke2 Nc4 30. Nf5 Nxb2 31. Rxc8 Rxc8 32. Nd6+ Ke6 33. Nxc8 Nxd1 34. Kxd1 b5 35. Nb6 Nh7 36. g6 Nf8 37. Kd2 Nxg6 38. Kd3 Ne7 39. Kd4 Kd6 0-1